000 00659nmc a2200241 a 4500
003 AR-BaBNM
005 20251128211651.0
008 045020s2004 ||||||||||||||000 | spa||
020 _a950-07-2466-9
040 _cAR-BaBNM
100 1 _aLojo, María Rosa
245 1 0 _aLos libres del Sur
_buna novela sobre Victoria Ocampo
260 _aBuenos Aires
_bSudamericana
_c2004
300 0 _a264 p.
490 0 _aNarrativas históricas del siglo XX
650 4 _aLITERATURA ARGENTINA
650 4 _aLITERATURA CONTEMPORANEA
653 0 _aNOVELA HISTORICA
653 0 _aNOVELA BIOGRAFICA
655 _aLITERATURA
942 _cBK
998 _cme-solo cat
999 _c20629
_d20629